000 00650cam a22002291 4500
001 ca 36001403
003 DLC
005 20260227111143.0
008 891107s1933 ilu 000 0 eng
010 _aca 36001403
035 _a(OCoLC)20607322
040 _aDLC
_cRPB
_dRPB
_dDLC
042 _apremarc
050 0 0 _aPN4305.M6
_bW5857
082 _a815.5
100 1 _aWilson, Jane.
245 1 0 _aElected by declamation,
_ba monologue,
_cby Jane Wilson ...
260 _aChicago,
_bT.S. Denison & Company
_c[c1933]
300 _a10 p.
_c18 cm.
490 0 _aDenison's monologues and readings
500 _aLabel mounted on cover: Baker's plays.
999 _c18273
_d18273